Is the atmosphere being damaged by humans?

Bibliographic Details
Main Author: Chambers, Catherine
Format: Book
Published: Chicago : Heinemann Raintree , 2015
Series:Earth debates
Subjects:

MARC

LEADER 00000cam a2200000 7i4500
001 0000210539
005 20170208.0
020 |a 9781484610039 
090 0 0 |a 363.7392   |b CHA 
100 1 |a Chambers, Catherine 
245 1 0 |a Is the atmosphere being damaged by humans?   |c Catherine Chambers 
260 |a Chicago :   |b Heinemann Raintree ,   |c 2015 
300 |a 48p. ;   |c 24cm. 
490 0 |a Earth debates 
650 0 |a Air pollution   |v Juvenile literature 
650 0 |a Atmosphere   |v Juvenile literature 
650 0 |a Greenhouse effect, Atmosphere   |v Juvenile literature 
999 |a 00337973   |b BUKU   |c JUNIOR BOOKS   |e PERPUSTAKAAN KOMUNITI PETALING JAYA